Dạy học lớp 4 theo chương trình giáo dục tiểu học mới Tài liệu bồi dưỡng giáo viên
Đã lưu trong:
| 企業作者: | |
|---|---|
| 格式: | 圖書 |
| 出版: |
H.
Đại học sư phạm
2007
|
| 標簽: |
添加標簽
沒有標簽, 成為第一個標記此記錄!
|
| Thư viện lưu trữ: | Trung tâm Học liệu Lê Vũ Hùng, Trường Đại học Đồng Tháp |
|---|
| LEADER | 00690pam a22001698a 4500 | ||
|---|---|---|---|
| 001 | 00039324 | ||
| 005 | 20171026081025.0 | ||
| 008 | 170518s2007 ||||||Viesd | ||
| 041 | 0 | # | |a Vie |
| 082 | 1 | 4 | |a 372.6 |b D112L |
| 110 | 1 | # | |a Bộ Giáo dục và Đào tạo |b Dự án phát triển giáo viên tiểu học |
| 245 | 1 | 0 | |a Dạy học lớp 4 theo chương trình giáo dục tiểu học mới |b Tài liệu bồi dưỡng giáo viên |
| 260 | # | # | |a H. |b Đại học sư phạm |c 2007 |
| 300 | # | # | |a 85 tr. |c 29 cm |
| 852 | # | # | |b Kho đọc |j KD.1002403 |
| 910 | |d 18/05/2017 | ||
| 980 | # | # | |a Trung tâm Học liệu Lê Vũ Hùng, Trường Đại học Đồng Tháp |